00000000nas 2200000za 4500
0019.855624
003CaOODSP
00520221107155338
007cr |||||||||||
008180420d19701984oncar p oss  f0###b0fre|d
022 |y0575-979X
040 |aCaOODSP|bfre
041 |aeng|afre
043 |an-cn---
0861 |aCS47-204-PDF
24500|aSporting goods and toy industries |h[ressource électronique] = |bFabrication d'articles de sport et de jouets.
24613|aFabrication d'articles de sport et de jouets
260 |aOttawa : |bStatistics Canada, Manufacturing and Primary Industries Division = Statistique Canada, Division des industries manufacturières et primaires, |c1972-1986.
310 |aAnnuel
3620 |a1970-1984.
4900 |aAnnual census of manufactures = Recensement annuel des manufactures
500 |aTitre de départ.
546 |aTexte en anglais et en français.
550 |aPubl. 1979-1981 par la Section des aliments, des boissons, des textiles et des industries diverses; 1982 par la Section des aliments, des textiles, des produits chimiques et des industries diverses; 1983-1984 par la Section du recensement des manufactures.
580 |aFusionné avec: Miscellaneous manufacturing industries; Scientific and professional equipment industries; Signs and displays industry (Final); et, Jewellery and precious metal industries, et devient: Other manufacturing industries.
69207|2gccst|aIndustrie de la fabrication
69207|2gccst|aJouet
69207|2gccst|aSport
7101 |aCanada. |bBureau fédéral de la statistique. |bDivision des industries manufacturières et primaires.
7102 |aCanada. |bStatistique Canada. |bSection des aliments, des boissons, des textiles et des industries diverses.
7101 |aCanada. |bStatistique Canada. |bSection des aliments, des textiles, des produits chimiques et des industries diverses.
7101 |aCanada. |bStatistique Canada. |bSection du recensement des manufactures.
78000|tSporting goods and toy industry |w(CaOODSP)9.855619
78500|tOther manufacturing industries |w(CaOODSP)9.856760
791 |tSporting goods and toy industries |eeng|w(CaOODSP)9.855623